000 01718nam a22004217a 4500
003 CHAP
005 20220817044323.0
008 100226s2009 mx r 00010 spa d
010 _a97627
011 _a98599
035 _a109284
040 _cCHAP
090 _aTesis
100 1 _aMartínez Nolasco, María del Rosario.
_972348
245 1 0 _aEstudio de mercado en las comunidades de Arriaga y Cintalapa, Chiapas para la apertura de una sucursal de la caja cooperativa universal de Oaxaca
_c/por María del Rosario Martínez Nolasco y Fredy Yair Montes Rivera
260 _aChapingo, Méx. :
_bEl autor,
_c2009
300 _a68 h. :
_bcuadros
502 _aTesis (Lic. en Economía Agrícola) -- UACH. División de Ciencias Económico Administrativas
530 _aTambién disponible en línea
590 _aALEPH
_b10
_c20130110
_lUCH01
_h1532
590 _aBATCH-UPD
_b10
_c20130110
_lUCH01
_h1212
590 _aBATCH-UPD
_b10
_c20130410
_lUCH01
_h0751
590 _aBATCH-UPD
_b10
_c20130914
_lUCH01
_h0813
590 _aBATCH-UPD
_b10
_c20140324
_lUCH01
_h1514
590 _aBATCH-UPD
_b10
_c20141002
_lUCH01
_h0841
590 _aBATCH-UPD
_b10
_c20180802
_lUCH01
_h0851
590 _aCONVERSION
_b10
_c20130109
_lUCH01
_h1354
650 1 4 _aCajas de ahorro y préstamo.
_917251
650 1 4 _aComunidades rurales.
_926254
650 1 4 _aCooperativas.
_927777
650 1 4 _aCrédito.
651 1 4 _aChiapas
_xCondiciones económicas.
_922225
856 _3Finding aid
_uhttp://10.13.5.2/tesis/109284.pdf
_zTeclea aqui
901 _aBK
942 _cFOLL
949 _aTesis
_bBC
_cTES
_d33724002129082
_eTS1
_gDonaciØn
_h50058
_i109284
_sb
949 _aTesis
_bBC
_cTES
_d33724002129124
_eTS2
_fc.2
_gDonaciØn
_h50059
_i109284
_sb
999 _c97627
_d97627